000 00288nam a22001337a 4500
008 180308b xxu||||| |||| 00| 0 eng d
020 _a9780683037012
041 _aeng
080 _29th
_a611
100 _a7
101 _aANA
245 _aAtlas of anatomy
_cAgur,A.M
942 _2udc
_cBK
999 _c44405
_d44405